Statistics for Video Game Titles: Missing Animals #2

Click here to take the quiz!

General Stats

  • This quiz has been taken 24 times
  • The average score is 8 of 15

Answer Stats

Year ReleasedVideo Game% Correct
2008Kung Fu {Panda}
95%
1989Teenage Mutant Ninja {Turtle}s
95%
2020Watch {Dogs} Legion
95%
2014{Goat} Simulator
74%
1998Spyro the {Dragon}
74%
1992{Wolf}enstein 3D
68%
2017{Cat} Quest
53%
1994{Earthworm} Jim
53%
2002SOCOM: U.S. Navy {SEAL}s
47%
1999{Ape} Escape
32%
2019{Snake}ybus
26%
2011Earth Defense Force: {Insect} Armageddon
21%
2013Broken Sword 5: The {Serpent}'s Curse
11%
2004{Hamster}ball
11%
2016{Owl}boy
11%

Score Distribution

Percentile by Number Answered

Percent of People with Each Score

Your Score History

You have not taken this quiz